States with the Most Whataburger Locations Quiz - Statistics

General Stats
  • This quiz has been taken 119 times
    52 since last reset
  • The average score is 8 of 10
Answer Stats
Locations State % Correct
772 Texas
100%
39 Georgia
88%
50 Oklahoma
88%
21 Arkansas
85%
43 Alabama
83%
31 Louisiana
83%
47 Florida
80%
39 Tennessee
68%
47 Arizona
65%
20 Missouri
55%
No matching quizzes found
Score Distribution
Percent of People with Each Score
Percentile by Number Answered
Your Score History
You have not taken this quiz since the last reset